| Поле | Инд. | ПП | Название | Значение |
|---|---|---|---|---|
| Тип записи | a | |||
| Библиографический уровень | b | |||
| 001 | Контрольный номер | a1eb7e9192da4d0eaad58241c891ed77 | ||
| 005 | Дата корректировки | 20220405162147.7 | ||
| 024 | 80 | a | Стандартный номер | 10.1088/1751-8113/48/28/285203 |
| 040 | a | Служба первич. каталог. | РИНЦ | |
| 041 | 0_ | a | Код языка текста | eng |
| 097 | a | Ануфриева Г.Ю. | ||
| 100 | 1_ | q | Полное имя | Папоян Владимир Владимирович |
| g | Прочие сведения | РИНЦ AuthorID: 404447 (http://elibrary.ru/author_profile.asp?id= 404447); Scopus Author ID: 6603539363 (https://www.scopus.com/authid/detail.uri?origin=resultslist&authorId=6603539363&zone=) | ||
| a | Автор | Papoyan V. V. | ||
| u | Дополнение | Папоян В. В.; Papoyan Vl. V. | ||
| c | Титул (звания) | кандидат физико-математических наук; доцент (должность) | ||
| i | 000091229 | |||
| k | Кафедра фундаментальных проблем физики микромира; Инженерно-физический институт | |||
| 100 | 1_ | a | Автор | Priezzhev V. B. |
| 100 | 1_ | a | Автор | Poghosyan V. S. |
| 245 | 10 | a | Заглавие | A loop reversibility and subdiffusion of the rotor-router walk |
| 773 | 18 | t | Название источника | Journal of Physics A: Mathematical and Theoretical |
| b | Сведения об издании | Institute of Physics and IOP Publishing Ltd. | ||
| c | Великобритания | |||
| d | Место и дата издания | 2015 | ||
| m | Специф. данные | входит в Scopus;входит в WoS;Входит в ядро РИНЦ;зарубежный журнал;ненулевой импакт-фактор; | ||
| p | J. Phys. A-Math. Theor. | |||
| o | Прочие индексы | wos 1.865, scopus 1.45 | ||
| x | ISSN | 1751-8113 | ||
| g | Прочая информация | V. 48. - № 28. - P. 285203 | ||
| q | Q1 | |||
| w | Контрольный № источника | 99d69de53d6a4cc29a4ddad8d6b9762c | ||
| 856 | 40 | u | URL | https://www.elibrary.ru/item.asp?id=23990688 |
| 901 | t | Тип документа | b | |
| 952 | c | Вид литературы | статья в журнале |